France's largest metropolitan areas - Statistics

General Stats
  • This quiz has been taken 137 times
  • The average score is 16 of 20
Answer Stats
Metropolitan areas Department '1000 inhabitants % Correct
Lyon Rhône 2.310
100%
Paris Paris 12.570
100%
Marseille + Aix-en-Provence Bouches-du-Rhône 1.750
99%
Nice Alpes-Maritimes 1.006
97%
Lille Nord 1.190
95%
Toulouse Haute-Garonne 1.345
94%
Bordeaux Gironde 1.230
93%
Strasbourg Bas-Rhin 785
93%
Nantes Loire-Atlantique 960
92%
Rennes Ille-et-Vilaine 730
88%
Montpellier Hérault 600
83%
Grenoble Isère 690
76%
Nancy Meurthe-et-Moselle 435
75%
Rouen Seine-Maritime 665
72%
Tours Indre-et-Loire 490
71%
Saint-Étienne Loire 520
68%
Toulon Var 630
65%
Avignon Vaucluse 530
57%
Clermont-Ferrand Puy-de-Dôme 480
57%
Douai + Lens Nord + Pas-de-Calais 540
45%
No matching quizzes found
Score Distribution
Percent of People with Each Score
Percentile by Number Answered
Your Score History
You have not taken this quiz